Štruktúrované produkty vo vybraných slovenských bankách
Štruktúrované produkty ako nové investičné produkty slovenských bánk. Formy štruktúrovaných produktov. Štruktúra výnosu. Výhody štruktúrovaných produktov .
Enregistré dans:
| Auteur principal: | |
|---|---|
| Format: | Chapitre de livre |
| Langue: | slovaque |
| Sujets: | |
| Tags: |
Pas de tags, Soyez le premier à ajouter un tag!
|
MARC
| LEADER | 00000nla$a2200000$$$4500 | ||
|---|---|---|---|
| 001 | 0080368 | ||
| 005 | 20231121082207.1 | ||
| 041 | 0 | |a slo | |
| 044 | |a SK | ||
| 245 | 1 | 0 | |a Štruktúrované produkty vo vybraných slovenských bankách |c Peter Hanulák |
| 520 | |a Štruktúrované produkty ako nové investičné produkty slovenských bánk. Formy štruktúrovaných produktov. Štruktúra výnosu. Výhody štruktúrovaných produktov . | ||
| 610 | 2 | 0 | |a služby bankové |
| 610 | 2 | 0 | |a služby finančné |
| 610 | 2 | 0 | |a investovanie |
| 610 | 2 | 0 | |a trh finančný |
| 610 | 2 | 0 | |a dlhopisy |
| 610 | 2 | 0 | |a certifikáty |
| 610 | 2 | 0 | |a banky |
| 610 | 2 | 0 | |a výnosy |
| 100 | 1 | |a Hanulák, Peter | |